000 01195nam0a22002771 4500
001 rc\3435798
005 20130115142127.2
021 _aRU
_b71-78691
021 _aRU
_bРг3519-72
035 _a(NLR Aleph) 007565454
090 _a5347097
_c5347097
100 _a20130115d1971 |||y0rusy50 ca
101 0 _arus
102 _aRU
105 _ay z |||||
200 1 _aТеория и практика проектирования и эксплуатации систем дальнего транспорта газа
_e[Доклад]
_fМежрегион. семинар ООН по добыче и использованию природного газа. Москва, 12-28 окт. 1971 г.
210 _aМосква
_cБ. и.
_d1971
215 _a[1], 12 с.
_d30
320 _aБиблиогр.: с. 12
700 1 _aГалиуллин
_bЗ. Т.
_gЗагид Талипович
712 0 2 _aООН
_bМежрегиональный семинар по добыче и использованию природного газа
_f1971
_eМосква
_3RU\NLR\AUTH\8810020392
801 0 _aRU
_bNLR
_gpsbo
801 1 _aRU
_bELAR
_2rusmarc
852 _aNLR
_j72-8/190
942 _cBOOK
980 _aNB